Viracopos International Airport Destinations (Campinas, Brazil) - Statistics

General Stats
  • This quiz has been taken 48 times
    15 since last reset
  • The average score is 32 of 70
Answer Stats
Airline Destination % Correct
Azul Brazilian Airlines Manaus
100%
Azul Brazilian Airlines/Gol Linhas Aéreas Recife
100%
Azul Brazilian Airlines Belo Horizonte (Confins)
92%
Azul Brazilian Airlines Lisbon
92%
Azul Brazilian Airlines Porto
92%
Azul Brazilian Airlines/Gol Linhas Aéreas Rio de Janeiro (Galeão)
92%
Azul Conecta Rio de Janeiro (Jacarepaguá)
92%
Azul Brazilian Airlines Rio de Janeiro (Santos Durmont)
92%
Azul Brazilian Airlines/Gol Linhas Aéreas/LATAM Brasil Brasília
85%
Azul Brazilian Airlines Florianópolis
85%
Azul Brazilian Airlines/Gol Linhas Aéreas Natal
85%
Azul Brazilian Airlines Porto Alegre
85%
Azul Brazilian Airlines/Gol Linhas Aéreas Salvador da Bahia
85%
Azul Brazilian Airlines Belém
77%
Azul Brazilian Airlines Fortaleza
77%
Azul Brazilian Airlines Orlando
77%
Azul Brazilian Airlines Curitiba
69%
Azul Brazilian Airlines João Pessoa
69%
Azul Brazilian Airlines São Luís
69%
Azul Brazilian Airlines Vitória
69%
Azul Brazilian Airlines Cuiabá
62%
Azul Brazilian Airlines Aracaju
54%
Azul Brazilian Airlines Fort Lauderdale
54%
Azul Brazilian Airlines Joinville
54%
Azul Brazilian Airlines/Gol Linhas Aéreas Maceió
54%
Azul Brazilian Airlines Madrid
54%
Azul Brazilian Airlines Teresina
54%
Azul Brazilian Airlines Uberlândia
54%
Azul Brazilian Airlines Campo Grande
46%
Azul Brazilian Airlines Cascavel
46%
Azul Brazilian Airlines Goiânia
46%
Azul Brazilian Airlines Londrina
46%
Azul Brazilian Airlines Navegantes
46%
Azul Brazilian Airlines Palmas
46%
Azul Brazilian Airlines Presidente Prudente
46%
Azul Brazilian Airlines São José do Rio Preto
46%
Azul Brazilian Airlines Caxias do Sul
38%
Azul Brazilian Airlines Chapecó
38%
Azul Brazilian Airlines Foz do Iguaçu
38%
Azul Brazilian Airlines Ilhéus
38%
Azul Brazilian Airlines Maringá
38%
Azul Brazilian Airlines Petrolina
38%
Azul Brazilian Airlines Porto Seguro
38%
Azul Brazilian Airlines Ribeirão Preto
38%
Azul Brazilian Airlines Santa Maria
38%
Azul Brazilian Airlines Sinop
38%
Azul Brazilian Airlines Ji-Paraná
31%
Azul Brazilian Airlines Marília
31%
Azul Brazilian Airlines Pelotas
31%
Azul Brazilian Airlines Araçatuba
23%
Azul Conecta Araraquara
23%
Azul Brazilian Airlines Bauru/Arealva
23%
Azul Brazilian Airlines Bonito
23%
Azul Brazilian Airlines Corumbá
23%
Azul Brazilian Airlines Punta del Este
23%
Azul Brazilian Airlines Rondonópolis
23%
Azul Brazilian Airlines Campina Grande
15%
Azul Brazilian Airlines Juazeiro do Norte
15%
Azul Brazilian Airlines Juiz de Fora
15%
Azul Brazilian Airlines Pato Branco
15%
Azul Brazilian Airlines Vilhena
15%
Azul Brazilian Airlines Alta Floresta
8%
Azul Conecta Franca
8%
Azul Brazilian Airlines Passo Fundo
8%
Azul Brazilian Airlines Ponta Porã
8%
Azul Brazilian Airlines Una-Comandatuba
8%
Azul Conecta Barretos
0%
Azul Brazilian Airlines Cacoal
0%
Azul Brazilian Airlines Mendoza
0%
Azul Brazilian Airlines San Carlos de Bariloche
0%
No matching quizzes found
Score Distribution
Percent of People with Each Score
Percentile by Number Answered
Your Score History
You have not taken this quiz since the last reset